Chebyshev polynomials : (Record no. 33167)
[ view plain ]
| 000 -LEADER | |
|---|---|
| fixed length control field | 02068cam a2200337 i 4500 |
| 001 - CONTROL NUMBER | |
| control field | 21395945 |
| 003 - CONTROL NUMBER IDENTIFIER | |
| control field | JO-AjAnu |
| 005 - DATE AND TIME OF LATEST TRANSACTION | |
| control field | 20231127112744.0 |
| 008 - FIXED-LENGTH DATA ELEMENTS--GENERAL INFORMATION | |
| fixed length control field | 200123r20201990nyua b 001 0 eng |
| 010 ## - LIBRARY OF CONGRESS CONTROL NUMBER | |
| LC control number | 2020002214 |
| 020 ## - INTERNATIONAL STANDARD BOOK NUMBER | |
| International Standard Book Number | 9780486842332 |
| Qualifying information | (trade paperback) |
| 040 ## - CATALOGING SOURCE | |
| Original cataloging agency | DLC |
| Language of cataloging | eng |
| Transcribing agency | DLC |
| Description conventions | rda |
| Modifying agency | DLC |
| -- | ANU |
| 042 ## - AUTHENTICATION CODE | |
| Authentication code | pcc |
| 050 00 - LIBRARY OF CONGRESS CALL NUMBER | |
| Classification number | QA404.5 |
| Item number | .R58 2020 |
| 082 00 - DEWEY DECIMAL CLASSIFICATION NUMBER | |
| Classification number | 515/.88 |
| Edition number | 23 |
| 100 1# - MAIN ENTRY--PERSONAL NAME | |
| Personal name | Rivlin, Theodore J., |
| Dates associated with a name | 1926-2006, |
| Relator term | author. |
| 245 10 - TITLE STATEMENT | |
| Title | Chebyshev polynomials : |
| Remainder of title | from approximation theory to algebra & number theory / |
| Statement of responsibility, etc. | Theodore J. Rivlin. |
| 250 ## - EDITION STATEMENT | |
| Edition statement | Second edition. |
| 264 #1 - PRODUCTION, PUBLICATION, DISTRIBUTION, MANUFACTURE, AND COPYRIGHT NOTICE | |
| Place of production, publication, distribution, manufacture | Mineola, New York : |
| Name of producer, publisher, distributor, manufacturer | Dover Publications, Inc., |
| Date of production, publication, distribution, manufacture, or copyright notice | 2020. |
| 300 ## - PHYSICAL DESCRIPTION | |
| Extent | xiii, 249 pages : |
| Other physical details | illustrations ; |
| Dimensions | 23 cm |
| 336 ## - CONTENT TYPE | |
| Content type term | text |
| Content type code | txt |
| Source | rdacontent |
| 337 ## - MEDIA TYPE | |
| Media type term | unmediated |
| Media type code | n |
| Source | rdamedia |
| 338 ## - CARRIER TYPE | |
| Carrier type term | volume |
| Carrier type code | nc |
| Source | rdacarrier |
| 500 ## - GENERAL NOTE | |
| General note | This Dover edition, first published in 2020, is an unabridged republication of the second edition of Chebyshev Polynomials: From Approximation Theory to Algebra and Number Theory, originally published in 1990 by John Wiley & Sons, Inc., New York, as part of their "Pure and Applied Mathematics" series. The first edition was published by Wiley in 1974. |
| 504 ## - BIBLIOGRAPHY, ETC. NOTE | |
| Bibliography, etc. note | Includes bibliographical references (pages 234-343) and index. |
| 520 ## - SUMMARY, ETC. | |
| Summary, etc. | "This survey of the most important properties of the Chebyshev polynomials encompasses several areas of mathematical analysis: interpolation theory, orthogonal polynomials, approximation theory, numerical integration, numerical analysis, and ergodic theory. Originally published in 1974, the text was updated in 1990; this reprint of the second edition corrects various errors and features new material, including a chapter introducing elementary algebraic and number theoretic properties of Chebyshev polynomials"-- |
| Assigning source | Provided by publisher. |
| 650 #0 - SUBJECT ADDED ENTRY--TOPICAL TERM | |
| Topical term or geographic name entry element | Chebyshev polynomials. |
| 906 ## - LOCAL DATA ELEMENT F, LDF (RLIN) | |
| a | 7 |
| b | cbc |
| c | orignew |
| d | 1 |
| e | ecip |
| f | 20 |
| g | y-gencatlg |
| 942 ## - ADDED ENTRY ELEMENTS (KOHA) | |
| Source of classification or shelving scheme | Library of Congress Classification |
| Koha item type | Books |
| Suppress in OPAC | No |
| Withdrawn status | Lost status | Source of classification or shelving scheme | Damaged status | Not for loan | Home library | Current library | Date acquired | Total Checkouts | Full call number | Barcode | Date last seen | Price effective from | Koha item type |
|---|---|---|---|---|---|---|---|---|---|---|---|---|---|
| Library of Congress Classification | مكتبة جامعة عجلون الوطنية | مكتبة جامعة عجلون الوطنية | 27/11/2023 | QA404.5.R58.2020 | e3657 | 27/11/2023 | 27/11/2023 | Books |